MARC details
| 000 -CABECERA |
| campo de control de longitud fija |
01898nam a2200229 u 4500 |
| 001 - NÚMERO DE CONTROL |
| campo de control |
000006126 |
| 005 - FECHA Y HORA DE LA ÚLTIMA TRANSACCIÓN |
| campo de control |
20200929151936.0 |
| 008 - DATOS DE LONGITUD FIJA--INFORMACIÓN GENERAL |
| campo de control de longitud fija |
090826s1997 dr 000 0 spa d |
| 040 ## - FUENTE DE LA CATALOGACIÓN |
| Centro catalogador/agencia de origen |
DO-SdBNP |
| Lengua de catalogación |
spa |
| Centro/agencia transcriptor |
BNPHU |
| 082 ## - NÚMERO DE LA CLASIFICACIÓN DECIMAL DEWEY |
| Número de clasificación |
330.97293 |
| Número de documento/Ítem |
A148s |
| 100 1# - ENTRADA PRINCIPAL--NOMBRE DE PERSONA |
| Nombre de persona |
Abinader, José Rafael |
| 9 (RLIN) |
11652 |
| 245 13 - MENCIÓN DE TÍTULO |
| Título |
La sociedad bajo escrutinio / |
| Mención de responsabilidad, etc. |
José Rafael Abinader. |
| 260 ## - PUBLICACIÓN, DISTRIBUCIÓN, ETC. |
| Lugar de publicación, distribución, etc. |
Santo Domingo : |
| Nombre del editor, distribuidor, etc. |
Panamericana, |
| Fecha de publicación, distribución, etc. |
1997. |
| 300 ## - DESCRIPCIÓN FÍSICA |
| Extensión |
120 p. : ; |
| Dimensiones |
22 cm. |
| 500 ## - NOTA GENERAL |
| Nota general |
Incluye datos biográficos del autor en la contracubierta. |
| 505 2# - NOTA DE CONTENIDO CON FORMATO |
| Información miscelánea |
A manera de prólogo/ |
| Mención de responsabilidad |
José Ramón Hernández -- |
| Título |
Alternativas de la América Latina en relación con los cambios que experimenta el mundo -- |
| -- |
Doce temas cardinales sobre la vida socio-política dominicana -- |
| -- |
Orígenes de la crisis económica y fórmulas para superarla -- |
| -- |
La oferta y la demanda. Los dos significados de la palabra especulación -- |
| -- |
La sociedad, entre la ignominía y el rendimiento de la alta tecnología -- |
| -- |
Los cambios necesarios para expandir y eficientizar la producción -- |
| -- |
El futuro del turismo y su influencia en la economía -- |
| -- |
Fórmulas para estimular y proteger las inversiones en el país de los dominicanos que residen en el exterior -- |
| -- |
Las debilidades de la democracia cuando predominan el caudillismo y el autoritarismo -- |
| -- |
La comparación y la conciliación de las diversas religiones para asegurar la paz y la seguridad mundiales -- |
| -- |
Esfuerzo por mejorar el sistema educativo dominicano -- |
| -- |
Los egresados universitarios como paradigmas de buenos dominicanos. |
| 590 ## - NOTA LOCAL (RLIN) |
| Nota local |
Inventariado, 2018/ YL |
| 651 #4 - PUNTO DE ACCESO ADICIONAL DE MATERIA--NOMBRE GEOGRÁFICO |
| Nombre geográfico |
República Dominicana |
| Subdivisión general |
Condiciones Económicas |
| -- |
Ensayos, Conferencias, Etc. |
| 9 (RLIN) |
2598 |
| 651 #4 - PUNTO DE ACCESO ADICIONAL DE MATERIA--NOMBRE GEOGRÁFICO |
| Nombre geográfico |
República Dominicana |
| Subdivisión general |
Condiciones Sociales |
| -- |
Ensayos, Conferencias, Etc. |
| 9 (RLIN) |
1166 |
| 651 #4 - PUNTO DE ACCESO ADICIONAL DE MATERIA--NOMBRE GEOGRÁFICO |
| Nombre geográfico |
República Dominicana |
| Subdivisión general |
Política Y Gobierno |
| -- |
Ensayos, Conferencias, Etc. |
| 9 (RLIN) |
1167 |
| 910 ## - DATOS DE OPCIÓN DEL USUARIO (OCLC) |
| Datos de opción del usuario |
Validado. Control de calidad EMS |